zpět

Detail výsledku týmu

Horakůvka, Šenov

Datum a čas kvízu

39 Celkem bodů Celkový počet nahraných bodů na tomto kvízu bez doplňovacích otázek.
1. Pořadí na kvízu Konečné umístění týmu na tomto kvízu.

Zaznamenané odpovědi

# Otázka Odpověď Body Výsledky
1. Jiří Langmajer, Zdislava Pokor... Hejt není názor 0
2. Která známá sladká pochutina s... Nutella 1
3. V sobotu se na pražském Výstav... Mňága a Žďorp 1
4. Kterému živočichovi, jenž pomá... A 1
5. Ze soboty na neděli se v Miami... Carlos Ulberg 1
6. Vaším prvním úkolem v dnešním... 1C 2B 3D 4A 0
7. Poznejte (parodii na) gangster... Někdo to rád horké (Some Like It Hot) 0
8. Italští herci Carlo Pedersoli... Bud Spencer a Terence Hill 1
9. Gangster, na kterého se ptáme,... Jabba Hutt 0
10. Uveďte jméno i příjmení postav... John Wick 1